| 000 | 00862nam a22002297a 4500 | ||
|---|---|---|---|
| 999 |
_c4069 _d4069 |
||
| 003 | AR-CdUCM | ||
| 008 | 190307b ||||| |||| 00| 0 spa d | ||
| 040 |
_aMUNICIPALIDAD PROVINCIAL DEL CUSCO _cBIBLIOTECA MUNICIPAL DEL CUSCO |
||
| 082 |
_a801.9 / _bJ61 |
||
| 100 |
_aJiménez, Juan Ramón _912934 |
||
| 245 |
_aEstética y ética estética : _bCrítica y complemento / |
||
| 260 |
_aMadrid : _bAguilar, _c1967. |
||
| 300 |
_a396 paginas ; _c20 cm. |
||
| 440 |
_aColección literaria novelistas, dramaturgos, ensayistas, poetas _912935 |
||
| 505 | _aContenido :Critica --Con la inmensa minoría --Autocritica --Complemento --Estado poético peruano ... | ||
| 650 |
_aPoesía _9139 |
||
| 650 |
_aHistoria _9136 |
||
| 650 |
_aHrítica _912936 |
||
| 700 |
_aFrancisco Garfias (selección, ordenación , prologo) _912937 |
||
| 942 |
_2ddc _cLIBROS |
||
| 945 | _arjall | ||